Into the community : (Record no. 831)

000 -LEADER
fixed length control field 01455nam a22003977a 4500
001 - CONTROL NUMBER
control field 4963987
003 - CONTROL NUMBER IDENTIFIER
control field OSt
005 - DATE AND TIME OF LATEST TRANSACTION
control field 20210422063747.0
008 - FIXED-LENGTH DATA ELEMENTS--GENERAL INFORMATION
fixed length control field 970909s1998 paua b 001 0 eng c
010 ## - LIBRARY OF CONGRESS CONTROL NUMBER
LC control number 97036822
020 ## - INTERNATIONAL STANDARD BOOK NUMBER
International Standard Book Number 0397554753 (pbk : alk. paper)
040 ## - CATALOGING SOURCE
Original cataloging agency DNLM/DLC
Transcribing agency DLC
Modifying agency eng
Language of cataloging eng
041 ## - LANGUAGE CODE
Language code of text/sound track or separate title eng
043 ## - GEOGRAPHIC AREA CODE
Geographic area code n-us---
050 00 - LIBRARY OF CONGRESS CALL NUMBER
Classification number RT98
Item number .S76 1998
060 10 - NATIONAL LIBRARY OF MEDICINE CALL NUMBER
Classification number WY 106 S775i 1998
080 ## - UNIVERSAL DECIMAL CLASSIFICATION NUMBER
Universal Decimal Classification number 616-08
Item number S-81
082 00 - DEWEY DECIMAL CLASSIFICATION NUMBER
Classification number 610.73/43
Edition number 21
100 1# - MAIN ENTRY--PERSONAL NAME
Personal name Stackhouse, Joan C.
245 10 - TITLE STATEMENT
Title Into the community :
Remainder of title nursing in ambulatory and home care /
Statement of responsibility, etc. / by: Lippincott,
260 ## - PUBLICATION, DISTRIBUTION, ETC.
Place of publication, distribution, etc. Philadelphia :
Name of publisher, distributor, etc. Lippincott,
Date of publication, distribution, etc. c1998.
300 ## - PHYSICAL DESCRIPTION
Extent xx, 454 p. :
Other physical details ill. (some col.) ;
Dimensions 24 cm.
504 ## - BIBLIOGRAPHY, ETC. NOTE
Bibliography, etc. note Includes bibliographical references and index.
650 #0 - SUBJECT ADDED ENTRY--TOPICAL TERM
Topical term or geographic name entry element Community health nursing.
650 #0 - SUBJECT ADDED ENTRY--TOPICAL TERM
Topical term or geographic name entry element Patient Care
9 (RLIN) 285
650 #0 - SUBJECT ADDED ENTRY--TOPICAL TERM
Topical term or geographic name entry element Community health nursing
Geographic subdivision United States.
650 12 - SUBJECT ADDED ENTRY--TOPICAL TERM
Topical term or geographic name entry element Community Health Nursing.
650 22 - SUBJECT ADDED ENTRY--TOPICAL TERM
Topical term or geographic name entry element Ambulatory Care
General subdivision nurses' instruction.
650 22 - SUBJECT ADDED ENTRY--TOPICAL TERM
Topical term or geographic name entry element Home Care Services.
653 ## - INDEX TERM--UNCONTROLLED
Uncontrolled term პაციენტის მოვლა
653 ## - INDEX TERM--UNCONTROLLED
Uncontrolled term პაციენტის ამბულატორიული მოვლა
653 ## - INDEX TERM--UNCONTROLLED
Uncontrolled term პაციენტის სახლში მოვლა
906 ## - LOCAL DATA ELEMENT F, LDF (RLIN)
a 7
b cbc
c orignew
d 1
e ocip
f 19
g y-gencatlg
942 ## - ADDED ENTRY ELEMENTS (KOHA)
Source of classification or shelving scheme
Koha item type Books
Holdings
Withdrawn status Lost status Source of classification or shelving scheme Damaged status Not for loan Permanent location Current location Date acquired Inventory number Total Checkouts Full call number Barcode Date last seen Price effective from Koha item type
          Ken Walker International University Ken Walker International University 12/28/2020 2305   616-08 S-81 2305 12/28/2020 12/28/2020 Books

Powered by Koha